Normal view
MARC view
Entry Topical Term
001 - CONTROL NUMBER
- control field: 27337
003 - CONTROL NUMBER IDENTIFIER
- control field: OSt
005 - DATE AND TIME OF LATEST TRANSACTION
- control field: 20160102161422.0
008 - FIXED-LENGTH DATA ELEMENTS
- fixed length control field: 160102|| aca||aabn | a|a d
040 ## - CATALOGING SOURCE
- Original cataloging agency: OSt
- Transcribing agency: OSt
150 ## - HEADING--TOPICAL TERM
- Topical term or geographic name entry element: Arts
670 ## - SOURCE DATA FOUND
- Source citation: Work cat.: (OSt)35273: Coomaraswamy, Ananda K 27336, Catalogue of The Indian Collections in the Museum of fine Arts Boston, 1930









